| 000 | 00974cab a2200289 4500 | ||
|---|---|---|---|
| 001 | ABS57771 | ||
| 008 | 090401t1997 xxu||||| |||| 00| 0 eng d | ||
| 035 | _a(Sirsi) u81227 | ||
| 041 | _aeng | ||
| 100 | _aShea, C. | ||
| 245 | _aAssured of success in the act | ||
| 260 | _c1997 | ||
| 350 | _a0 | ||
| 490 |
_aProperty Week _v60(12) 19 September 1997, 25(1) |
||
| 520 | _aThe Housing Act 1996 makes it much easier for a landlord to obtain possession from tenants who are not paying their rent. This article considers how this might affect possession proceedings. | ||
| 650 | _aASSURED TENANCY | ||
| 650 | _aBREACH OF COVENANT | ||
| 650 | _aHOUSING ACT 1996 | ||
| 650 | _aPOSSESSION PROCEEDINGS | ||
| 650 | _aPRIVATE RENTED SECTOR | ||
| 650 | _aRENT ARREARS | ||
| 650 | _aREPAIRING COVENANTS | ||
| 690 | _aPROPERTY-RESIDENTIAL PROPERTY-RESIDENTIAL LANDLORD AND TENANT-RESIDENTIAL TENANCIES | ||
| 700 | _aTanney, A. | ||
| 942 | _n0 | ||
| 948 | _c03/10/1997 | ||
| 999 |
_c51192 _d51192 |
||